Statistics for Can you name the brazilian squad for 2022 qatar world cup?

Click here to take the quiz!

General Stats

  • This quiz has been taken 16 times
  • The average score is 14 of 26

Answer Stats

HintAnswer% Correct
1alisson
100%
23ederson
100%
10neymar
100%
5casemiro
90%
9richarlison
90%
7paqueta
80%
3thiago silva
80%
13dani alves
70%
15fabinho
70%
18jesus
70%
20vinicius junior
70%
2danilo
60%
4marquinhos
60%
26martinelli
50%
21rodrygo
50%
6alex sandro
40%
16alex telles
30%
19antony
30%
8fred
30%
25pedro
30%
12weverton
30%
24bremer
20%
17bruno guimaraes
20%
14eder militao
20%
22everton ribeiro
10%
11raphinha
10%

Score Distribution

Percentile by Number Answered

Percent of People with Each Score

Your Score History

You have not taken this quiz